000 00423nam a2200157Ia 4500
003 OSt
005 20230531111621.0
008 211028s2006 xx 000 0 und d
040 _cAIMIT LIBRARY
041 _aeng
100 _aGeorge, Bibin; Shobana.
_g40911173
_98894
110 _aShobana
_98895
245 _aHomology modeling and tool for restriction enzyme mapping.
260 _aMangalore
_c2006
942 _2ddc
_cPRO
999 _c220110
_d220110